| 000 | 00399 a2200145 4500 | ||
|---|---|---|---|
| 001 | 177265 | ||
| 020 | _a | ||
| 040 | _cMagnum | ||
| 100 | _aThomason, Calvin Cornelius | ||
| 240 | 1 | 0 |
_aRelacoes humanas: problemas e casos no trato das pessoas _lpor |
| 245 | 1 | 0 | _aRelacoes humanas: problemas e casos no trato das pessoas |
| 362 | 0 | _a1899 | |
| 697 | _aMAGNITO: MAGNITO SEM ÁREA E AS | ||
| 942 | _cBK | ||
| 999 |
_c177265 _d177265 |
||